Quiz chanson JDG "recette pour jeu pourri - Statistiques

Statistiques générales
  • Ce quiz a été pris 109 fois
  • Le résultat moyen est 60 sur 78
Statistiques - réponses
Réponse % Correct
je
98%
je
98%
je
98%
je
98%
d'
96%
d'
96%
de
96%
de
96%
Un
95%
un
95%
un
95%
en
93%
en
93%
jeu
93%
jeu
93%
l'
91%
la
89%
une
89%
une
89%
une
89%
une
89%
Recette
88%
t'
88%
pour
86%
pourri
86%
vais
85%
abandonne
84%
abandonne
84%
deux
84%
ce
83%
ce
83%
les
83%
mettre
83%
dans
81%
route
81%
chauve-souris
80%
Narbonne
80%
sur
80%
trois
80%
bois
79%
plateforme
78%
perdre
77%
perdre
77%
qui
77%
qui
77%
vie
77%
viens
77%
viens
77%
nan
73%
tu
73%
des
72%
des
72%
est
70%
oh
70%
déconne
67%
oui
67%
par
67%
fait
65%
demain
64%
lampe
64%
abruti
63%
mec
63%
inaccessible
60%
sadiques
60%
impossible
59%
Rajoutez
59%
ah
58%
air
58%
courant
58%
boss
57%
presque
57%
pathétique
53%
bon
52%
cette
49%
croyais
47%
plateformes
47%
experience
44%
pourries
44%
Aucun quiz correspondant
Distribution des résultats
% des personnes avec chaque résultat
Percentile par nombre de réponses
Votre historique - résultats
Vous n’avez pas pris ce quiz